[Event "Linares 13th"]
[Site "Linares"]
[Date "1995.03.13"]
[Round "10"]
[White "Ivanchuk, Vassily"]
[Black "Shirov, Alexei"]
[Result "1/2-1/2"]
[WhiteElo "2700"]
[BlackElo "2710"]
[Annotator "Dautov,R"]
[PlyCount "57"]
[EventDate "1995.03.01"]
[EventType "tourn"]
[EventRounds "13"]
[EventCountry "ESP"]
[EventCategory "17"]
[SourceTitle "CBM 046"]
[Source "ChessBase"]
[SourceDate "1995.06.01"]
[SourceVersion "1"]
[SourceVersionDate "1995.06.01"]
[SourceQuality "1"]

1. d4 Nf6 2. c4 g6 3. Nf3 Bg7 4. g3 O-O 5. Bg2 d6 6. Nc3 Nc6 7. O-O a6 8. Bg5
Rb8 (8... h6 9. Bd2 Bg4 10. d5 Na5 11. b3 b5 12. Qc1 Kh7 13. Qa3 Nb7 14. cxb5
axb5 15. Qb4 Bd7 16. a4 $14 {Ftacnik-Stohl/Ostrava/1994}) 9. Rc1 Bd7 {N} (9...
h6 10. Bd2 (10. Bxf6 Bxf6 11. Qd2 Bg7 $10) 10... Bd7 $13) (9... Bg4 10. d5 Bxf3
11. exf3 Ne5 12. Qe2 $14) 10. e4 (10. Qd2 b5 11. b3 $2 b4 12. Nd5 Ne4 13. Qe3
Nxg5 14. Qxg5 e6 15. Qxd8 Rfxd8 16. Nxc7 Rdc8 17. Nxa6 Rb6 $17) 10... Bg4 (
10... b5 11. e5 (11. d5 Na5 12. cxb5 axb5 $13) (11. cxb5 axb5 12. e5 b4 $1 13.
exf6 exf6 $13) 11... dxe5 (11... b4 12. exf6 exf6 13. Bd2 bxc3 14. Bxc3 Nb4 15.
Ra1 Bf5 16. Ne1 $16 {/\a3}) (11... Ne8 12. exd6 cxd6 13. c5 $14) 12. Nxe5 Nxe5
13. dxe5 Ng4 14. cxb5 axb5 (14... Nxe5 15. bxa6 Rxb2 16. a7 $16) 15. Nd5 f6 16.
exf6 exf6 17. Bf4 $16) 11. h3 Bxf3 12. Bxf3 e5 13. dxe5 (13. d5 $5 Nd4 14. b4
c6 15. Bg2 {/\Be3,f4}) 13... Nxe5 (13... dxe5 $2 14. Qxd8 Nxd8 (14... Rfxd8 15.
Nd5 Nd4 16. Kg2 $16) 15. Nd5 Nxd5 16. cxd5 $16) 14. Be2 h6 15. Be3 b5 $1 16.
cxb5 (16. c5 b4 17. Nd5 Nxe4 18. cxd6 cxd6 19. Bxa6 Qa5 20. Ne7+ Kh7 21. Bd3 d5
$10) 16... axb5 17. Nd5 (17. Nxb5 $6 Qd7 (17... Nxe4 $2 18. Qc2 $16) 18. Rxc7
Qxh3 $40) (17. b4 $5 Nc4 (17... Qc8 18. Kg2 Nc4 19. Bd4 $14) 18. Bd4 {/\Nxb5} (
18. Bxc4 bxc4 19. b5 Re8 20. Qc2 Qe7 21. f3 d5 $10) 18... c6 (18... Re8 19.
Nxb5 Rxb5 20. Rxc4 $14) 19. Bxc4 bxc4 20. e5 Nd5 21. exd6 Bxd4 22. Qxd4 Qxd6
23. a3 $14) 17... c5 18. Nxf6+ Qxf6 19. Qd5 Qe6 $10 20. Qxe6 fxe6 21. Rfd1 Rfd8
{/\Nc6-d4} 22. f4 Nc4 23. Bxc4 bxc4 24. Rxc4 Rxb2 25. e5 (25. a4 Rb4 26. Rxb4
cxb4 $10) 25... d5 26. Rxc5 Rxa2 27. Rc6 Re8 28. Rb1 Re2 29. Ba7 1/2-1/2

[Event "Interzonal-15"]
[Site "Manila"]
[Date "1990.??.??"]
[Round "11"]
[White "Lautier, Joel"]
[Black "Shirov, Alexei"]
[Result "0-1"]
[WhiteElo "2570"]
[BlackElo "2580"]
[Annotator "Ftacnik,L"]
[PlyCount "64"]
[EventDate "1990.06.29"]
[EventType "swiss"]
[EventRounds "13"]
[EventCountry "PHI"]
[SourceTitle "CBM 019"]
[Source "ChessBase"]
[SourceDate "1990.12.01"]
[SourceVersion "1"]
[SourceVersionDate "1990.12.01"]
[SourceQuality "1"]

1. d4 Nf6 2. Nf3 g6 3. g3 Bg7 4. Bg2 O-O 5. O-O d6 6. c4 Nc6 7. Nc3 a6 8. h3
Bd7 9. Bg5 h6 10. Be3 Rb8 11. Nd5 b5 {N} (11... e6 12. Nxf6+ Qxf6 13. Qd2 Kh7
14. Rac1 Qe7 15. d5 Ne5 16. Nd4 $14 {Debarnot-Camara/Sao Paulo/1972/}) 12.
Nxf6+ exf6 13. cxb5 (13. d5 Ne7 $22 14. c5 Nf5) 13... Rxb5 (13... axb5 14. d5
Ne5 15. Nd4 Nc4 16. Bc1 {x c7}) 14. Qd2 (14. Qc1 g5 15. Nxg5 fxg5 16. Bxc6 Bxc6
17. Qxc6 Rxb2 18. Qxa6 Qa8 $132) 14... g5 (14... Kh7 15. d5 Ne7 16. Nd4) 15. d5
(15. Rac1 Ne7) 15... Ne7 (15... Ne5 16. Nd4 $5 (16. Rac1 Nxf3+ 17. exf3 f5 $132
) 16... Nc4 17. Qc3 Nxe3 18. fxe3 Rc5 19. Qd3 f5 20. Nxf5 $16) 16. Nd4 (16. Ne1
Nf5) 16... Rxd5 $5 (16... Rb8 17. f4 $1 {/\ f5+/-}) 17. Bxd5 Nxd5 18. Nf5 (18.
Kh2 Qa8 (18... Qc8 19. Nf5 (19. g4 h5 $132) 19... Bxf5 20. Qxd5 Bxh3 21. Rfc1
Be6 22. Qc6 f5 23. Rc2 $14) (18... Nxe3 $2 19. fxe3 $1 $16) 19. Nc2 c5 20. f4
Re8 $132) 18... Bxf5 (18... Nxe3 $2 19. fxe3 $1) 19. Qxd5 Bxh3 20. Rfd1 (20.
Rfc1 $5) 20... Re8 21. Rac1 (21. Rd2 $22 f5 22. Bd4) 21... f5 22. Rd2 (22. Qc6
Rxe3 $5 (22... Bxb2 23. Rc2 Be5 24. Qxc7 Qa8 25. Qc6 $14) 23. fxe3 Qe7 24. Rd3
Bxb2 25. Rc2 Be5 26. Qxc7 Qf6 $132) 22... Rxe3 $5 23. fxe3 Qe7 24. Kf2 (24. Qd3
Be5 25. Kh2 g4 {/\ Qh4}) 24... Be5 25. Rh1 (25. b4 h5 {/\ h4<=>} (25... Bxg3+
26. Kxg3 Qxe3+ 27. Kh2 Qf2+ 28. Kh1)) 25... Bxg3+ $1 26. Kxg3 (26. Kf3 g4+ 27.
Kxg3 Qxe3+ 28. Kh4 Qf2+ 29. Kh5 Qf4 30. Kh4 (30. Qa8+ Kg7 31. Qd8 g3 $19) 30...
Bg2 $1 31. Qd4 (31. Qxg2 g3+ 32. Kh3 Qg4#) 31... Qg5+ 32. Kg3 Bxh1 $17) 26...
Qxe3+ 27. Qf3 (27. Kh2 $2 Qf2+ 28. Kxh3 g4#) 27... Qxd2 28. Qa8+ Kg7 29. Kxh3 (
29. Rxh3 g4 30. Rh1 (30. Rh4 Qe1+ $19) (30. Rh2 Qe3+ 31. Kh4 Qe7+ $1 32. Kg3
Qe5+ 33. Kg2 Qxe2+ 34. Kg1 Qe1+ 35. Kg2 f4 $19) 30... Qxe2 (30... Qe3+ 31. Kh2
$1 (31. Kh4 Qf2+ 32. Kh5 Qxe2 33. Kh4 Qf2+ 34. Kh5 g3 $19) (31. Kg2 f4 $1 (
31... Qxe2+ 32. Kg1 Qe1+ 33. Kg2) 32. Rf1 (32. Rg1 Qxe2+ 33. Kh1 g3 34. Qg2
Qh5+) (32. Re1 Qg3+ 33. Kf1 f3 34. exf3 gxf3) (32. Kf1 f3 33. exf3 g3 34. Kg2
Qf2+ 35. Kh3 g2 $19) 32... Qg3+ 33. Kh1 f3 34. exf3 Qh3+ 35. Kg1 g3 $19) 31...
Qxe2+ (31... f4 32. Qg2 g3+ 33. Kh3 Qe6+ 34. Kh4 Qf6+ 35. Kg4 Qg5+ 36. Kf3 Qd5+
37. e4 $1 fxe3+ 38. Kxg3) 32. Qg2 Qe5+ 33. Kg1 Kg6 34. Qh2 $13) 31. Qd5 $1 $8 (
31. Qg2 $2 f4+ 32. Kh2 g3+ 33. Kg1 Qe3+ 34. Kf1 Qc1+ 35. Ke2 Qc2+ 36. Kf3 Qc6+
$19) 31... Qe3+ 32. Kg2 f4 33. Rf1 (33. Qd1 $22 f3+ 34. Kg3 f5 35. Re1) 33...
Qg3+ 34. Kh1 f3 35. Qd2 f5 $13 36. Re1) 29... Qxe2 (29... g4+ 30. Kh2 $13) 30.
Qd5 $6 (30. Qg2 Qh5+ (30... g4+ 31. Kh2 Qe5+ 32. Kg1 $13) 31. Kg3 Qg4+ 32. Kf2
Qd4+ 33. Ke1 $13) 30... Kg6 (30... g4+ 31. Kg3 (31. Kh4 $2 Qf2+ 32. Kh5 g3 $19)
) (30... f4 31. Rg1 $22 Qf2 32. Rxg5+ $1 hxg5 33. Qxg5+ $10) 31. Qd4 $2 (31.
Qg2 $8 g4+ 32. Kh2 Qe5+ 33. Kg1 h5 34. Qh2 f4 $36) 31... f4 $1 32. Rg1 (32. Qd5
g4+ 33. Kh4 Qf2+ 34. Kxg4 Qg3#) 32... f5 {Ftacnik,L} (32... f5 33. Qxf4 Qh5+
$19) 0-1

[Event "Bundesliga 9394"]
[Site "Germany"]
[Date "1994.04.17"]
[Round "13.2"]
[White "Hort, Vlastimil"]
[Black "Shirov, Alexei"]
[Result "0-1"]
[WhiteElo "2530"]
[BlackElo "2715"]
[Annotator "Shirov,A"]
[PlyCount "70"]
[EventDate "1993.11.06"]
[EventType "team-tourn"]
[EventRounds "15"]
[EventCountry "GER"]
[SourceTitle "CBM 043"]
[Source "ChessBase"]
[SourceDate "1994.12.01"]
[SourceVersion "1"]
[SourceVersionDate "1994.12.01"]
[SourceQuality "1"]
[WhiteTeam "Porz"]
[BlackTeam "Empor Berlin"]
[WhiteTeamCountry "GER"]
[BlackTeamCountry "GER"]

1. d4 Nf6 2. c4 g6 3. Nf3 Bg7 4. g3 d6 5. Nc3 O-O 6. Bg2 Nc6 7. O-O a6 8. a3
Na5 (8... Rb8 9. b4 $14) (8... Bg4 9. h3 Bxf3 10. Bxf3 $14) 9. Nd2 Nd7 $5 (9...
c5 10. dxc5 $5 (10. e3 Nd7 {- 9... Nd7}) 10... dxc5 11. Nd5 Be6 $1 12. Nf4 Qd7
$13) 10. e3 c5 11. Ne2 $1 (11. dxc5 dxc5 {><d3, c4}) 11... Rb8 12. b4 Nc6 13.
bxc5 $6 (13. b5 $142) 13... dxc5 14. Nb3 (14. Bb2 $142 cxd4 15. Nxd4 (15. exd4
Nc5 16. Nf3 Bf5 $1 $15) 15... Nce5 16. Qc2 Nc5 $15) 14... cxd4 15. exd4 Nb6 $1
16. c5 (16. Qc2 Bf5 17. Qc3 Rc8 $17) 16... Nd5 17. h3 b5 $5 (17... b6 18. Be3
$1) (17... a5 $5) (17... Be6 $5) (17... e5 $5 18. dxe5 Be6 $44) 18. Bd2 Be6 $1
19. Rb1 Qd7 (19... a5 20. Nf4 $1 a4 21. Nxe6 fxe6 22. Nc1 $13 {><e6}) 20. Kh2
Rfd8 21. Be3 a5 22. Nd2 b4 23. axb4 Ndxb4 $6 (23... axb4 $1 $17) 24. Nf3 Bd5
25. Re1 e6 $6 (25... Rbc8 $17) 26. Bg5 $1 Rdc8 27. Bf4 Ra8 28. Ra1 $6 (28. Bd6
Ne7 (28... a4 $6 29. Qd2) 29. Nc3 $13) 28... Ra7 29. Bd6 Ne7 30. Nc3 $4 (30. g4
Rd8 31. Qd2 {/\ Red1!=/+}) 30... Bxf3 31. Bxf3 Nf5 $19 32. Be5 Nxd4 33. Bxg7
Kxg7 34. Ne4 Nbc2 35. Nd6 $2 Rxc5 0-1

[Event "St Petersburg op"]
[Site "St Petersburg"]
[Date "1994.??.??"]
[Round "3"]
[White "Vaulin, Alexander"]
[Black "Avrukh, Boris"]
[Result "0-1"]
[WhiteElo "2560"]
[BlackElo "2425"]
[Annotator "Dautov,R"]
[PlyCount "92"]
[EventDate "1994.02.??"]
[EventType "swiss"]
[EventRounds "9"]
[EventCountry "RUS"]
[SourceTitle "CBM 041"]
[Source "ChessBase"]
[SourceDate "1994.08.01"]
[SourceVersion "1"]
[SourceVersionDate "1994.08.01"]
[SourceQuality "1"]

1. c4 Nf6 2. g3 g6 3. Bg2 Bg7 4. d4 d6 5. Nf3 O-O 6. O-O Nc6 7. Nc3 a6 8. d5
Na5 9. b3 c5 10. dxc6 bxc6 (10... Ne4 11. c7 $1 Qxc7 12. Nd5 Qd8 13. Be3 Nc3
14. Nxc3 Bxc3 15. Rc1 $14) (10... Nxc6 $1 11. Bb2 Qa5 12. Qc1 Qh5 13. Qg5 Qxg5
14. Nxg5 Bf5 15. e4 Bd7 16. Nd5 Nxd5 17. Bxg7 Kxg7 18. exd5 Nb4 19. a3 Nd3 20.
Rad1 Nc5 21. b4 Na4 $10 {Hardicsay-Zila/HUN-chT/1993}) 11. Bd2 $1 (11. Bb2 Rb8
12. Qd2 Be6 13. Nd4 Bd7 14. Rab1 Qc7 15. e4 Nb7 $10 {Khasin-Byvshev/URS-ch/1956
}) 11... Rb8 12. Qc1 Re8 $6 (12... c5 {>=} 13. Bh6 Bb7 14. Rd1 Qc7 15. Bxg7
Kxg7 16. Nh4 Bxg2 17. Nxg2 Nc6 $10) 13. c5 $1 Nd7 (13... d5 14. Qa3 Nb7 15. Bf4
Ra8 16. Ne5 Qa5 17. Na4 Nh5 18. Nxc6 Qb5 19. Ne5 g5 20. Bxd5 gxf4 21. Bxf7+ Kh8
22. Nc3 Qxc5 23. Qxc5 Nxc5 24. Bxe8 Bxe5 25. Bxh5 Bxc3 26. Rac1 $16 {
Vaulin-Temirbaev/Kurgan/1993}) (13... dxc5 14. Bf4 Rb7 (14... Rb4 15. Rd1 $16)
15. Ne5 Nd5 (15... Bd7 16. Rd1 $16) (15... Nh5 16. Nxc6 Nxc6 17. Bxc6 Nxf4 18.
gxf4 Rf8 19. Bxb7 Bxb7 20. Qe3 Qd7 21. Rac1 $16) 16. Rd1 $16) 14. cxd6 exd6 15.
Rd1 (15. Bf4 $2 Qf6) 15... d5 16. Bh6 Bh8 17. Bg5 $1 Qb6 (17... f6 18. Bf4 $16)
(17... Nf6 18. Qf4 $16) 18. Be3 $1 Qb4 (18... Rxe3 19. fxe3 Nf6 20. Nd4 Qa7 21.
Qa3 $16) 19. Bd4 $16 Nf6 (19... Bb7 20. Bxh8 Kxh8 21. e4 Nb6 22. Rd4 Qd6 23.
Na4 Nxa4 24. Rxa4 dxe4 25. Qc3+ Kg8 26. Nh4 $18) 20. Qf4 Bf5 (20... c5 $2 21.
a3 Qb6 22. Bxf6 Qxf6 23. Qxb8 $16) 21. Rac1 Nb7 22. Be5 $1 (22. Ne5 Qd6) (22.
Qh4 Qe7 23. Ng5 h5) (22. h3 $5 {/\g4}) 22... Qxf4 23. gxf4 Rbc8 24. Na4 Nd7 $8
25. Bxh8 Kxh8 26. Nd4 Na5 27. e3 (27. Nxf5 $5 gxf5 28. e3 {/\Bh3} Nb7 29. Rd2
$16 {/\Rdc2}) 27... Bg4 28. Rd2 c5 29. Rdc2 Nc4 30. Nf3 $2 (30. Bxd5 $1 cxd4 (
30... Na3 31. Rc3 Nf6 32. Bb7 cxd4 33. Rxc8 Bxc8 34. Rxc8 Rxc8 35. Bxc8 dxe3
36. Bxa6 $16) 31. Bxc4 dxe3 32. fxe3 Rxe3 33. Bxa6 Rxc2 34. Rxc2 $16) 30... Na3
31. Rd2 d4 $1 $132 32. exd4 cxd4 33. Rxc8 Rxc8 34. h3 (34. Rxd4 $2 Rc1+ 35. Bf1
Bxf3 36. Rxd7 Be2 $19) 34... Rc1+ 35. Kh2 Bxf3 36. Bxf3 Nb5 37. Bb7 Nb8 38. Nb6
Rc7 39. Bf3 Rc3 40. Kg2 Kg7 41. Nd5 (41. Nc4 Kf6 42. a4 Nc7 43. Rxd4 Rxb3 $10)
41... Nc6 $1 42. Nxc3 $2 (42. a4 Na3 43. Nxc3 dxc3 44. Rd3 c2 45. Rc3 Nb4 46.
Be4 f5 47. Bxc2 Naxc2 $17) (42. Be2 $142) 42... dxc3 43. Rd5 $2 (43. Rd1 Nb4
$17) 43... Nb4 44. Rc5 Nd3 $19 45. Rxb5 (45. Rc8 c2 46. Rxc2 Ne1+ $19) 45... c2
46. Rc5 Nxc5 0-1

[Event "Biel"]
[Site "Biel"]
[Date "1986.07.28"]
[Round "8"]
[White "Kortschnoj, Viktor Lvovich"]
[Black "Nunn, John DM"]
[Result "1/2-1/2"]
[WhiteElo "2650"]
[BlackElo "2590"]
[Annotator "Dolmatov,S"]
[PlyCount "127"]
[EventDate "1986.07.20"]
[EventType "tourn"]
[EventRounds "11"]
[EventCountry "SUI"]
[EventCategory "12"]
[SourceTitle "MCL"]
[Source "ChessBase"]
[SourceDate "1999.07.01"]
[SourceVersion "1"]
[SourceVersionDate "1999.07.01"]
[SourceQuality "1"]

1. d4 Nf6 2. c4 g6 3. g3 Bg7 4. Bg2 O-O 5. Nf3 d6 6. O-O Nc6 7. Nc3 a6 8. Nd5
$6 e6 (8... Bg4 9. Ne3 Bd7 10. d5 Na7 11. Bd2 Ne4 12. Be1 Bxb2 13. Rb1 Bg7 14.
Rxb7 $14 {Kortschnoj,V-Van der Wiel,J/Wijk/1985/}) 9. Nxf6+ Qxf6 10. e3 Bd7 11.
Bd2 e5 12. d5 Nd8 13. e4 Qe7 14. Qb3 b6 15. Bc3 Nb7 16. Qc2 a5 17. Rae1 Nc5 18.
Nh4 (18. b3 $6 f5 19. exf5 Bxf5 $17) 18... b5 (18... f5 $5 19. exf5 g5 $40 (
19... gxf5 20. f4 $13)) 19. b3 b4 $17 20. Bd2 f5 (20... Rfb8 {/\a4}) 21. exf5
gxf5 (21... g5 $5 22. Nf3 Bxf5 23. Qd1 (23. Bxg5 $2 Qxg5 $19) 23... h6 $17) 22.
Be3 (22. f4 e4 23. Be3 a4 $17) 22... e4 (22... a4 $2 23. Bxc5 dxc5 24. d6 cxd6
25. Bxa8 Rxa8 26. Nxf5) 23. Bxc5 (23. f3 $5) 23... dxc5 24. Bh3 Ra6 25. f3 Bc3
26. Re2 Bd4+ 27. Kh1 Raf6 28. Qc1 e3 29. Ng2 Rh6 30. Nf4 Qg7 (30... Re8 $15)
31. Rxe3 $1 Bxe3 32. Qxe3 Qd4 33. Qe7 (33. Qxd4 $2 cxd4 34. Rd1 Re8 35. Kg2 Re3
$17) 33... Rd6 34. Re1 Qg7 35. Nd3 Qh6 $2 (35... Qxe7 36. Rxe7 Re8 37. Rxe8+
Bxe8 $10) 36. Ne5 (36. Nxc5 $2 Re8 $19) 36... Qg7 (36... Re8 37. Qf7+ Kh8 38.
Bxf5 Qg7 39. Bxd7 Rxe5 40. Qxg7+ $18) 37. Nxd7 Rxd7 38. Qe6+ Kh8 39. Bxf5 Rdf7
40. g4 $16 Qc3 41. Qe3 Qxe3 42. Rxe3 Ra8 43. Kg2 a4 44. Kg3 axb3 45. axb3 Ra1
46. h4 (46. Re8+ $5 Kg7 47. Be6 Rf8 48. Re7+ $16) 46... Kg7 47. h5 Rc1 48. Re6
(48. Re8 $6 Rc3 49. Be4 h6 (49... Rxb3 $2 50. g5 $16)) 48... Rc3 49. h6+ Kf8
50. Rc6 Rxb3 51. Be4 (51. Rxc5 $5 Rc3 52. Rb5 $1 Rxc4 53. d6 cxd6 54. Be6 $16)
51... Ra3 52. g5 (52. d6 cxd6 53. Rxd6 b3 54. Rb6 $132) 52... b3 53. d6 cxd6
54. Rc8+ Ke7 55. g6 (55. Bxh7 $2 Kd7 56. Rb8 Rxh7 57. Rb7+ Kc6 58. Rxh7 b2 $17)
55... hxg6 56. h7 Rxh7 57. Rc7+ Kf6 58. Rxh7 Ke5 59. Rb7 g5 60. Kg4 Kd4 61. Bd5
(61. Rb6 Kxc4 62. Rxd6 b2 63. Rb6 Kc3 64. Kxg5 Rb3 $10) 61... Kc3 62. Kxg5 b2
63. f4 Rb3 64. Rxb3+ (64. Rxb3+ Kxb3 65. Be4 Kxc4 66. f5 d5 67. Bb1 d4 68. f6
d3 $10) 1/2-1/2

[Event "Palma de Mallorca FIDE GP"]
[Site "Palma de Mallorca"]
[Date "2017.11.18"]
[Round "3"]
[White "Tomashevsky, Evgeny"]
[Black "Nakamura, Hikaru"]
[Result "1/2-1/2"]
[WhiteElo "2702"]
[BlackElo "2780"]
[Annotator "Yermolinsky,A"]
[PlyCount "95"]
[EventDate "2017.11.16"]
[EventType "swiss"]
[EventRounds "9"]
[EventCountry "ESP"]
[SourceTitle "CBM 182"]
[Source "ChessBase"]
[SourceDate "2018.01.17"]
[SourceVersion "1"]
[SourceVersionDate "2018.01.17"]
[SourceQuality "1"]

1. d4 d6 2. Nf3 g6 3. c4 Bg7 4. Nc3 Nc6 5. g3 a6 6. Bg2 Nf6 7. O-O O-O 8. e3
Rb8 9. Qe2 b5 10. Rd1 e6 11. b3 bxc4 12. Qxc4 Nb4 13. a3 Nbd5 14. Ne2 Bd7 15.
Qc2 Bb5 16. Re1 c5 17. Bd2 Rc8 18. Qb1 Bxe2 19. Rxe2 cxd4 20. Nxd4 {Here
Hikaru surprised his fans with a strange-looking move.} Nd7 $6 ({Black has no
problems after} 20... Qb6) ({but he'd better avoid} 20... Nc3 $6 21. Bxc3 Rxc3
22. Rc2 Rxc2 23. Qxc2 $14) 21. Bxd5 exd5 {White's structural advantage can be
countered by active play, but Nakamura wasn't able to find anything concrete.}
22. Qd1 Qb6 (22... Nc5 23. Rc1 Ne4) 23. Rc1 h5 24. Bc3 Bxd4 $5 {One of
Hikaru's strengths is his ability to accept worse positions when he has to.}
25. Qxd4 Qxd4 26. exd4 Nb8 $1 {Great defence, as usual.} 27. Rec2 Rc6 $1 28.
Bb4 Rfc8 29. Rxc6 Rxc6 30. Rxc6 $4 {I could not believe my eyes. For a
high-class player like Tomashevsky, trading the last pair of rooks in such
positions is criminal.} ({Mind you, I am questioning Tomashevsky's heart, not
his chess ability. Anybody who bothers to go to chess tournaments must try to
keep the game going. Actually, White's chances after} 30. Re1 $1 {shouldn't be
underestimated:} Kf8 31. Kf1 Nd7 32. Ke2 Nf6 (32... Rc2+ 33. Kf3 Nf6 34. Bxd6+
Kg8 35. Re2 Rc3+ 36. Kf4 Rxb3 37. Rc2 $16) 33. f3 Rc2+ 34. Kd3 Rxh2 35. Bxd6+
Kg8 36. Re7 Rb2 37. Rb7 $14) 30... Nxc6 {Nothing to see here, move along.} 31.
Bc3 Kf8 32. f3 f5 33. Kf2 Ke7 34. Ke3 Nd8 35. Kd3 Kd7 36. Bd2 Ne6 37. h4 Kc6
38. Be3 Nc7 39. a4 Ne6 40. Bd2 Kc7 41. Kc3 Kd7 42. Kd3 Kc7 43. Bc1 Kd7 44. Bg5
Ke8 45. Bd2 Kd7 46. Be3 Kd8 47. Kc3 Kc7 48. Kd3 1/2-1/2

[Event "URS Cup 1/4 final2"]
[Site "Tbilisi"]
[Date "1973.11.??"]
[Round "?"]
[White "Bronstein, David Ionovich"]
[Black "Timoscenko, Gennadij A"]
[Result "0-1"]
[WhiteElo "2595"]
[BlackElo "2425"]
[PlyCount "98"]
[EventDate "1973.11.??"]
[EventType "match"]
[EventRounds "4"]
[EventCountry "URS"]
[SourceTitle "EXT 2020"]
[Source "ChessBase"]
[SourceDate "2019.10.17"]
[SourceVersion "1"]
[SourceVersionDate "2019.10.17"]
[SourceQuality "1"]

1. c4 Nf6 2. Nc3 g6 3. g3 Bg7 4. Bg2 O-O 5. Nf3 d6 6. O-O Nc6 7. d4 a6 8. h3
Rb8 9. Nd5 (9. Be3 b5 10. Nd2 Bd7 11. d5 Na5 12. cxb5 axb5 13. b4 Nb7 14. Rc1
e6 15. Nde4 Ne8 16. Qd2 Kh8 17. Bh6 c6 18. Bxg7+ Nxg7 19. Nxd6 exd5 20. Nxb7
Rxb7 21. e4 dxe4 22. Nxe4 Be6 23. Qxd8 Rxd8 24. Rxc6 Bxa2 25. Ra1 Be6 26. Nd6
Rbb8 27. Ra7 Kg8 28. g4 Ne8 29. Ne4 Rd1+ 30. Kh2 {1/2-1/2 (30) Smejkal,
J-Portisch,L Raach 1969}) 9... b5 $146 (9... Nd7 10. Be3 Na5 11. b3 c6 12. Nc3
b5 13. cxb5 axb5 14. Rc1 Nb6 15. Qd2 b4 16. Nd1 Nd7 17. Bh6 Ba6 18. Bxg7 Kxg7
19. Ne3 Nf6 20. Ng4 Ng8 21. Rfe1 h6 22. e4 Bc8 23. e5 Be6 24. Qf4 Qd7 25. Nfh2
Rfd8 26. h4 Rbc8 27. Ne3 Nb7 28. Rc2 d5 29. Rec1 Rc7 30. Nf3 Ra8 31. Ne1 Ra5
32. Nd3 Rb5 33. Qf3 Rc8 34. Qe2 Qc7 35. Qd2 Qb6 36. Bf1 Qxd4 37. Rxc6 Rxc6 38.
Rxc6 Na5 39. Rc2 {Koski,A (2200)-Vadasz,L (2380) Graz 1972 1-0}) 10. Nxf6+ Bxf6
11. cxb5 Rxb5 12. Bh6 Re8 13. Rc1 Bd7 14. b3 Rh5 $1 {[%csl Rh3,Rh6]} 15. Be3
Bxh3 16. Bxh3 Rxh3 17. Rxc6 $6 (17. Kg2 Qd7 18. Rh1) 17... Qd7 {[%cal Gd7c6,
Gd7h3]} 18. d5 (18. Rxa6 Rh5 19. Ng5 h6 {[%cal Gd7h3]}) 18... Rh5 19. Rc4 Qh3
$40 20. Rh4 Bxh4 21. gxh4 e6 22. dxe6 Rxe6 23. Qd4 d5 24. Bf4 g5 25. Qxd5 Qg4+
26. Bg3 gxh4 27. Qa8+ Kg7 28. Nxh4 Rxh4 29. Qg2 Rg6 30. e3 Qe2 31. Bxh4 Rxg2+
32. Kxg2 Qxa2 33. Rc1 Qxb3 34. Rxc7 a5 35. Rc5 a4 36. Rg5+ Kf8 37. Re5 Qb7+ 38.
Kg3 a3 39. Bf6 a2 40. Rc5 Qa6 41. Rf5 Qxf6 42. Rxf6 a1=Q 43. Rf4 Qg1+ 44. Kh3
h5 45. Kh4 Qh2+ 46. Kg5 Kg7 47. Rf3 Qg2+ 48. Rg3 Qxf2 49. Kxh5+ Qxg3 0-1

[Event "Olympiad-31"]
[Site "Moscow"]
[Date "1994.12.16"]
[Round "14.1"]
[White "Orr, Mark JL"]
[Black "Bologan, Viktor"]
[Result "1-0"]
[WhiteElo "2370"]
[BlackElo "2600"]
[PlyCount "83"]
[EventDate "1994.12.01"]
[EventType "team-swiss"]
[EventRounds "14"]
[EventCountry "RUS"]
[SourceTitle "CBM 045"]
[Source "ChessBase"]
[SourceDate "1995.04.01"]
[SourceVersion "1"]
[SourceVersionDate "1995.04.01"]
[SourceQuality "1"]
[WhiteTeam "Ireland"]
[BlackTeam "Moldova"]
[WhiteTeamCountry "IRL"]
[BlackTeamCountry "MDA"]

1. d4 {I was involved in a number of well-played games in Moscow but
unfortunately all by my opponents. In fact going into the last round my score
was Played 7 Won 1 Drew 2 Lost 4. On the way down from my room on the 23rd
floor to ground level in the hotel just prior to the last round match I
suddenly realised I was standing next to the world champion, so close in the
crowded lift that I could feel his breath on my neck. I remember thinking that
maybe some of his magic would rub off on me and help me against my opponent.
Well maybe it did or maybe not but this is what happened .....} Nf6 2. c4 g6 3.
Nf3 Bg7 4. g3 O-O 5. Bg2 d6 6. O-O Nc6 7. Nc3 a6 8. h3 Bd7 9. e4 e5 10. Be3
exd4 11. Nxd4 Re8 12. Re1 Qc8 13. Nxc6 (13. Kh2 {is met by} Re5 {and if} 14. g4
h5 15. f3 hxg4 16. hxg4 {the knight is difficult to dislodge.}) 13... bxc6 14.
g4 h5 15. f3 hxg4 16. hxg4 Rb8 {=} 17. Qd2 c5 18. Rab1 Bc6 19. Nd5 Nd7 20. Bf1
Ne5 21. Qg2 Bxd5 22. cxd5 Rb4 {=+} 23. g5 {To stop f5.} Nc4 $6 {Played after
long thought, but it looks better to hold onto the knight.} 24. Bxc4 Rxc4 25.
Rbc1 Rb4 26. b3 a5 27. Bd2 Bd4+ 28. Kf1 Rb8 29. Bc3 Bxc3 30. Rxc3 a4 31. f4
axb3 32. axb3 Rb4 33. Kg1 Qb7 34. Qf3 c6 35. dxc6 Qxc6 36. Rce3 Rd4 37. Qh1 $5
Qc8 $6 (37... Re6 38. Rh3 Kf8 {is better for Black.}) 38. Qh4 Kf8 $2 (38... Qe6
{was necessary to guard f6.}) 39. e5 $1 {Threatening 40. exd6 ... and Qh8X} Kg8
(39... d5 40. Qh8+ Ke7 41. Qf6+ Kf8 42. e6 {+-}) 40. Rh3 Qxh3 (40... Kf8 41. e6
fxe6 42. Qh8+ Ke7 43. Rh7+ Kd8 44. Qf6+ Re7 45. Qxe7#) 41. Qxh3 Rxf4 42. e6 {
Not a classic game but the result (coming in the important last round), the
move 37.Qh1 and Kasparov's breath on my neck will be cherished memories for a
long time.} 1-0